Statistics for Countries that Have a McDonald’s

Click here to take the quiz!

General Stats

  • This quiz has been taken 60 times
  • The average score is 72 of 101

Answer Stats

Year OpenedCountries% Correct
1974United Kingdom
100%
1940United States of America
100%
1967Canada
96%
1981Spain
94%
1971Australia
90%
1972France
90%
1985Mexico
90%
1985Italy
88%
1983Norway
88%
1990Russia
88%
1973Sweden
88%
1990China
86%
1971Germany
86%
1984Finland
84%
1985Luxembourg
84%
1976New Zealand
84%
1992Poland
84%
1991Portugal
84%
1995South Africa
84%
1978Belgium
82%
1977Ireland
82%
1971Japan
82%
1971Netherlands
82%
1986Argentina
80%
1979Brazil
80%
1996India
80%
1988South Korea
80%
1996Belarus
78%
1981Denmark
78%
1991Greece
78%
1976Switzerland
78%
1994United Arab Emirates
78%
1977Austria
76%
1991Chile
76%
1996Croatia
76%
1994Egypt
76%
1991Indonesia
76%
1994Latvia
76%
1971Panama
76%
1997Ukraine
76%
1995Colombia
75%
1990Hungary
75%
1993Israel
75%
1996Lithuania
75%
1993Slovenia
75%
1997Bolivia
73%
1994Bulgaria
73%
1992Czech Republic
73%
1995Estonia
73%
2006Iraq
73%
1996Peru
73%
1995Slovakia
73%
1986Turkey
73%
1995Honduras
71%
1995Romania
71%
1986Cuba
69%
1974Guatemala
69%
1982Malaysia
69%
1992Morocco
69%
1998Nicaragua
69%
1994Oman
69%
1995Qatar
69%
1993Saudi Arabia
69%
1988Serbia
69%
1985Thailand
69%
1985Venezuela
69%
2014Vietnam
69%
2011Bosnia and Herzegovina
67%
1997Ecuador
67%
1996Jordan
67%
1998Pakistan
67%
1999San Marino
67%
1979Singapore
67%
1970Costa Rica
65%
1972El Salvador
65%
1995Malta
65%
1984Taiwan
65%
1984Andorra
63%
1996Dominican Republic
63%
1994Kuwait
63%
1992Monaco
63%
1996Paraguay
63%
1991Uruguay
63%
1975Bahamas
61%
1994Bahrain
61%
1981Philippines
61%
1997Cyprus
59%
1996Fiji
59%
1998Lebanon
59%
1998Moldova
59%
1997Trinidad and Tobago
57%
1997Suriname
55%
2016Vatican City
55%
2016Kazakhstan
53%
1998Sri Lanka
53%
1996Liechtenstein
51%
1999Azerbaijan
47%
1992Brunei
47%
1999Georgia
45%
1996Samoa
33%
2001Mauritius
31%

Score Distribution

Percentile by Number Answered

Percent of People with Each Score

Your Score History

You have not taken this quiz